Statistics for Bayern Munich Quiz

Click here to take the quiz!

General Stats

  • This quiz has been taken 87 times
    (54 since last reset)
  • The average score is 33 of 53

Answer Stats

Hint Answer % Correct
Last Champions League title? (until now)2012-13
86%
Last Bundesliga title? (until now)2016-17
86%
Bundesliga rivalryBorussia Dortmund
82%
Head coachJupp Heynckes
82%
9Robert Lewandowski
82%
The last 3 coachesJupp Heynckes
82%
The last 3 coachesCarlo Ancelotti
82%
1Manuel Neuer
80%
How many times did they win the Champions League?Five times
80%
The last 3 coachesPep Guardiola
78%
Assistant coachHermann Gerland
78%
7Franck Ribéry
78%
How many times did they win the Bundesliga?27 times
78%
10Arjen Robben
78%
Stadium since 2005Allianz Arena
76%
8Javi Martinez
76%
LocationMunich
76%
Champions League rivalry (14 times)Real Madrid
74%
5Mats Hummels
74%
6Thiago
74%
32Joshua Kimmich
74%
27David Alaba
74%
17Jérôme Boateng
72%
Local rivalryTSV 1860 München
70%
25Thomas Müller
70%
When was Bayern Munich founded?1900
68%
21 (C)Philipp Lahm
66%
a German automobile manufacturerAudi
66%
First Champions League title?1973-74
66%
29Kingsley Coman
64%
PresidentUli Hoeness
64%
Main supplier of the clubAdidas
62%
13Rafinha
62%
Executive board chairmanKarl-Heinz Rummenigge
60%
First Bundesliga season?1965-66
60%
Bavarian rivalry1. FC Nürnberg
60%
26Sven Ulreich
60%
35Renato Sanches
56%
Retired number12
54%
Stadium until 2005Olympiastadion
54%
a brewery from MunichPaulaner
50%
11Douglas Costa
48%
18Juan Bernat
46%
22Tom Starke
46%
23Arturo Vidal
44%
SponsorsDeutsche Telekom
40%
How many people during Champions League matches?70,000
38%
How many people during Bundesliga matches?75,000
38%
14Xabi Alonso
34%
30Niklas Dorsch
28%
On which date?February 27
26%
40Fabian Benko
20%
Assistant coachPeter Hermann
16%

Score Distribution

Percentile by Number Answered

Percent of People with Each Score

Your Score History

You have not taken this quiz since the last reset